000 02425nam a2200565 4500
001 0000024592
003 CO-CtgCURN
005 20260319162732.0
007 ta
008 160628s2012 000 0 eng d
020 _a9788498357165
040 _aCO-CtgCURN
_bspa
_ccoctgcurn
082 0 _a618.1
_bT776
245 0 0 _aTratado de ginecología y obstetricia :
_bginecología y medicina de la reproducción /
_cdirector, Luis Cabero Roura , coordinador general, Eduardo Cabrillo Rodríguez, Coordinadores, José Bajo Arenas... [et al.].
250 _a2a ed.
260 _aMadrid :
_bMedica Panamericana,
_c2012.
300 _a2 v.
336 _2rdacontent
337 _2rdamedia
_asin mediacion
_bn
338 _2rdacarrier
_avolumen
_bnc
504 _aIncluye bibliografias e indice.
505 8 _aV.1: Introducción y generalidades -- Anatomía y fisiología -- Ginecología general -- Medicina de la reproducción humana -- Oncología -- Cirugia ginecologica -- V.2: Fisiología obstetrica -- Asistencia prenatal al embarazo en situaciones patologicas -- Asistencia al parto y puerperio patologicos
590 _aGineco-obstetricia (Medicina)
650 1 4 _aGinecología.
650 1 4 _aObstetricia.
700 1 _aCabero Roura, Luis.
700 1 _aCabrillo Rodríguez, Eduardo.
700 1 _aBajo Arenas, José.
700 1 _aCalaf Alsina, Joaquin.
700 1 _aCararach Ramoneda, Vicenc.
700 1 _aArmengol, Esteban David.
700 1 _aGonzález, Ernesto Fabre.
700 1 _aGil Moreno, Antonio.
700 1 _aHerruzo Nalda, Alfonso.
700 1 _aIzquierdo González, Fernando.
700 1 _aZamarriego Crespo, José.
710 2 _aSociedad Española de Ginecología y Obstetricia.
908 _a160627
942 _cBK
_h618.1
_iT776
_2ddc
999 _c23644
_d23644